000 00623cam a22002053a 4500
001 42745
003 PGUSA
005 20140828083952.0
008 130520s2013||||xxu|||||s|||||000 | eng d
040 _aPGUSA
_beng
042 _adc
100 1 _aWinnecke, Friedrich August Theodor
245 1 0 _aGauss :
_bEin Umriss seines Lebens und Wirkens
_h[electronic resource] /
_cFriedrich August Theodor Winnecke
260 _bProject Gutenberg,
_c2013
506 _aPublic domain in the USA.
516 _aElectronic text
830 0 _aProject Gutenberg
_v42745
856 4 0 _uhttp://www.gutenberg.org/ebooks/42745
942 _cEB
999 _c271997
_d271997